| 000 | 00574nam a22002291c 4500 | ||
|---|---|---|---|
| 001 | a987678238 | ||
| 008 | 161124s2016 gw |||| 000u rus d | ||
| 020 |
_a9785906861092 _9978-5-906861-09-2 |
||
| 041 | _arus | ||
| 100 | 1 | _aSokolov, Nikolaj A. | |
| 245 | 0 | 0 | _aUbijstvo carskoj sem'i |
| 264 |
_aMoskva : _bAlgoritm, _c2016 |
||
| 300 | _a386 Seiten | ||
| 600 | 0 | _aNikolaj II., Russland, Zar | |
| 650 | 0 | _aRomanov (Familie) | |
| 650 | 0 | _aMord | |
| 650 | 0 | _aZar | |
| 942 | _cMG | ||
| 040 | _cRU-10907106 | ||
| 003 | RU-10907106 | ||
| 999 |
_c15788 _d15788 |
||
| 490 | 0 | _aRomanovy. Tajny dinastii | |